000 00231nam a22001097a 4500
082 _aIRV
100 _aIrvine, John
245 _aFinancial Accounting
260 _aNew York:
_bMcgraw-Hill,
_c2002.
300 _a330p. ;
942 _cBK
999 _c57281
_d57278